|
|
|
|
| LEADER |
00736pam a22002058a 4500 |
| 001 |
00039698 |
| 005 |
20171026081025.0 |
| 008 |
170520s56 t ||||||Viesd |
| 041 |
0 |
# |
|a Vie
|
| 082 |
1 |
4 |
|a 612.8
|b B103GI
|
| 100 |
1 |
# |
|a Đỗ, Thị Như Uyên
|
| 245 |
1 |
0 |
|a Bài giảng sinh lý thần kinh cấp cao
|c Đỗ Thị Như Uyên
|
| 260 |
# |
# |
|a Đồng Tháp
|c 56 tr.
|e 29cm
|
| 500 |
# |
# |
|a ĐTTS:Trường Đại học đồng Tháp. Khoa Sư phạm hóa - Sinh - KTNN
|
| 852 |
# |
# |
|b Kho mượn
|j KGT.0052667
|
| 852 |
# |
# |
|b Kho đọc
|j KD.0020812
|
| 852 |
# |
# |
|j KD.0020812
|j KGT.0052667
|
| 910 |
|
|
|d 20/05/2017
|
| 980 |
# |
# |
|a Trung tâm Học liệu Lê Vũ Hùng, Trường Đại học Đồng Tháp
|